| 000 | 00709nam a2200253Ia 4500 | ||
|---|---|---|---|
| 003 | OSt | ||
| 005 | 20220926000355.0 | ||
| 006 | a|||||r|||| 00| 0 | ||
| 007 | ta | ||
| 008 | 220923b |||||||| |||| 00| 0 hin d | ||
| 037 | _cGeneral Book | ||
| 040 |
_aRTL _cRTL _bhin |
||
| 041 |
_2hin _ahin |
||
| 082 | _aV2,63.N8, M1 | ||
| 100 |
_aJain R B Ed. _942590 |
||
| 245 | 0 | _aPanchayati Raj | |
| 260 |
_a New Delhi _bI I P A _c1981 |
||
| 300 |
_axviii, 271p _ccm. |
||
| 490 | _aIndian Institute of Public Administration, Silver Jublee | ||
| 500 | _aBibliography: P 237-66 | ||
| 650 | _aIndia Local Body | ||
| 942 |
_hV2,63.N8, M1 _cGB _2CC |
||
| 999 |
_c598918 _d598918 |
||